The Malaysian economy in figures 2000.
| Format: | Book |
|---|---|
| Published: |
[Kuala Lumpur]:
Economic Planning Unit, Prime Minister's Department,
2000.
|
| Subjects: |
| LEADER | 00475cam a2200133 7i4500 | ||
|---|---|---|---|
| 001 | 0000007924 | ||
| 005 | 20010621090000.0 | ||
| 090 | 0 | 0 | |a M 310.9 |b MAL STAT 310.9 |b MAL (M) |
| 245 | 0 | 4 | |a The Malaysian economy in figures 2000. |
| 260 | 0 | 0 | |a [Kuala Lumpur]: |b Economic Planning Unit, Prime Minister's Department, |c 2000. |
| 300 | # | # | |a 47 p. |
| 650 | 0 | 0 | |a Malaysia -- |x Economic Conditions -- |x Statistics |
| 651 | 0 | 0 | |a Malaysia |
| 999 | |a 0000011349 |b Book |c Countries |e Business Information Centre | ||